| 000 | 00694nam a2200193 i 4500 | ||
|---|---|---|---|
| 001 | 28017 | ||
| 003 | ES-MaACL | ||
| 005 | 20230906153739.0 | ||
| 007 | t| | ||
| 008 | 030116s1948 ag ||||1| spa d | ||
| 100 | 1 |
_aBailey, Hamilton. _924693 |
|
| 245 | 1 | 0 |
_aCirugía de urgencia / _cpor Hamilton Bailey... ; traducción de la 5ª edición inglesa por Mario Pittaluga y Emilio Rodrigué. |
| 260 |
_aBuenos Aires : _bEmecé, _c[1948] ( _fTalls. Gráfs. Sebastián de Amorrortu e Hijos) |
||
| 300 |
_aXV, 1070 p. : _bil. ; _c24 cm. |
||
| 700 | 1 |
_aPittaluga, Mario. _992427 |
|
| 700 | 1 |
_aRodrigué, Emilio. _998191 |
|
| 852 |
_aES-MaACL _jE-1640 _bR.27151 |
||
| 852 |
_aES-MaACL _jE-1545 _bR.29168 |
||
| 999 |
_c28017 _d28017 |
||